000 00396nam a22001577a 4500
003 OSt
008 250530b |||||||| |||| 00| 0 eng d
020 _a9788120818392
082 _a615.538 LAA
100 _aLAD,Vasant
245 _aAyurveda The Science of Self - Healing
260 _aNew Delhi
_bMotilal Banarsidass Publishers
_c2017
300 _a175
650 _aGeneral
942 _2ddc
_cBK
999 _c13640
_d13640